Specimens of English dramatic poets who lived about the time of Shakespeare
Guardat en:
| Format: | Llibre |
|---|---|
| Idioma: | anglès |
| Publicat: |
Cambridge University Press
2013
|
| Etiquetes: |
Afegir etiqueta
Sense etiquetes, Sigues el primer a etiquetar aquest registre!
|
MARC
| LEADER | 00000nam a22000007a 4500 | ||
|---|---|---|---|
| 008 | 210825b ||||| |||| 00| 0 eng d | ||
| 020 | |a 9781108082893 | ||
| 245 | |a Specimens of English dramatic poets |b who lived about the time of Shakespeare |c edited by Charles Lamb |g xii, 367p | ||
| 250 | |c Lamb, Charles | ||
| 260 | |b Cambridge University Press |c 2013 |h New York |i 696109 |i 696110 |i 696111 |i 696112 |i 696113 |i 696114 |i 696115 |i 696116 |l PR126.3.L3Sp3 |m English drama-Early modern and Elizabethan, 1500-1600 | ||
| 500 | |a Vol 1 | ||
| 942 | |a lcc |c BK |e Johnson |f 25/08/21 | ||
| 952 | |0 0 |1 0 |2 lcc |4 0 |6 PR01263 L3 S P3 |7 0 |9 3216 |a ART |b HOL |c LP |d 2021-08-25 |l 0 |o PR126.3.L3Sp3 |p 2021-66914 |r 2021-08-25 00:00:00 |w 2021-08-25 |y BK | ||
| 952 | |0 0 |1 0 |2 lcc |4 0 |7 0 |9 3217 |a ART |b HOL |c LP |d 2021-08-25 |o PR126.3.L3Sp3 |p 2021-66921 |r 2021-08-25 00:00:00 |w 2021-08-25 |y BK | ||
| 952 | |0 0 |1 0 |2 lcc |4 0 |7 0 |9 3218 |a ART |b HOL |c LP |d 2021-08-25 |o PR126.3.L3Sp3 |p 2021-66920 |r 2021-08-25 00:00:00 |w 2021-08-25 |y BK | ||
| 952 | |0 0 |1 0 |2 lcc |4 0 |7 0 |9 3219 |a ART |b HOL |c LP |d 2021-08-25 |o PR126.3.L3Sp3 |p 2021-66919 |r 2021-08-25 00:00:00 |w 2021-08-25 |y BK | ||
| 952 | |0 0 |1 0 |2 lcc |4 0 |7 0 |9 3220 |a HOL |b HOL |c LP |d 2021-08-25 |o PR126.3.L3Sp3 |p 2021-66918 |r 2021-08-25 00:00:00 |w 2021-08-25 |y BK | ||
| 952 | |0 0 |1 0 |2 lcc |4 0 |7 0 |9 3221 |a HOL |b HOL |c LP |d 2021-08-25 |o PR126.3.L3Sp3 |p 2021-66917 |r 2021-08-25 00:00:00 |w 2021-08-25 |y BK | ||
| 952 | |0 0 |1 0 |2 lcc |4 0 |7 0 |9 3222 |a HOL |b HOL |c LP |d 2021-08-25 |o PR126.3.L3Sp3 |p 2021-66916 |r 2021-08-25 00:00:00 |w 2021-08-25 |y BK | ||
| 952 | |0 0 |1 0 |2 lcc |4 0 |6 PR01263 L3 S P3 |7 0 |9 3223 |a HOL |b HOL |c LP |d 2021-08-25 |l 0 |o PR126.3.L3Sp3 |p 2021-66915 |r 2021-08-25 00:00:00 |w 2021-08-25 |y BK | ||
| 999 | |c 1617 |d 1617 | ||